000 01072nam a22002657a 4500
999 _c20525
_d20525
003 AR-CdUCM
008 190409b ||||| |||| 00| 0 spa d
040 _aMUNICIPALIDAD PROVINCIAL DEL CUSCO
_cBIBLIOTECA MUNICIPAL DEL CUSCO
082 _a990.25 /
_bV63
100 _aVidal de la Blache, P.
_942910
245 _aGeografía universal /
260 _aBarcelona :
_bMontaner y simon, S.A,
_c1928.
300 _av tomos ;
_bilustraciones, mapas,
_c28 cm.
440 _aGeógrafos Españoles e Hispano-Americanas
_942911
505 _aContenido : t.5 : Europa central Suiza, Austria, Hungría, Checoeslovaquia, Polonia, Rumania -- t.20 : América del sur Guayanas Brasil -- t.21 :países andinos -- Venezuela -- Colombia...
650 _aGeografía universal
_930540
650 _aEnciclopedias
_96681
650 _aPaíses andinos
_939016
700 _aL.Gallois
_930541
700 _aMartonne, Emm de
_942912
700 _aVillanueva Lopez Moreno, Luis (traductor)
_942913
700 _aVillar, E. H. del (traductor)
_942914
942 _2ddc
_cLIBROS
945 _arcc